000 00650nam a2200157 i 4500
001 154592
003 ES-MaACL
005 20230906205805.0
008 990719s1877 sp |||| | spa d
040 _aCCPB | B
_bspa
_cCCPB | B
100 1 _aGonzález Nandín, Sebastián.
_9127421
245 1 0 _aReflexiones sobre la legislación penal, el jurado y las costumbres judiciales de Inglaterra /
_cpor Sebastián González Nandín.
260 _aMadrid :
_b[s.n.],
_c1877 (
_fImprenta de la Revista de Legislación)
300 _a138 p. ;
_c22 cm.
852 _aES-MaACL
_jT-251-F-6
_z-- Enc. hol., falto de la cub. original
_z-- Enc. en un vol. facticio
999 _c154592
_d154592